Manual of orders (Record no. 500430)

000 -LEADER
fixed length control field 00375cam a22001097a 4500
008 - FIXED-LENGTH DATA ELEMENTS--GENERAL INFORMATION
fixed length control field 180718b xxu||||| |||| 00| 0 eng d
082 ## - DEWEY DECIMAL CLASSIFICATION NUMBER
Classification number L200x5421 Ut8m
245 ## - TITLE STATEMENT
Title Manual of orders
Statement of responsibility, etc. by Revenue Department, Uttar Pradesh
260 ## - PUBLICATION, DISTRIBUTION, ETC.
Place of publication, distribution, etc. Allahabad
Name of publisher, distributor, etc. Superintendent, Printing and Stationery
Date of publication, distribution, etc.
500 ## - GENERAL NOTE
General note Contents : Library hasv.1 (1962)
700 ## - ADDED ENTRY--PERSONAL NAME
Personal name Uttar Pradesh. Revenue Department
Holdings
Withdrawn status Lost status Damaged status Not for loan Permanent Location Current Location Date acquired Full call number Barcode Date last seen Price effective from Koha item type
        Indian Institute of Public Administration Indian Institute of Public Administration 2018-08-04 L200x5421 Ut8m G145 2018-08-04 2018-08-04 G
        Indian Institute of Public Administration Indian Institute of Public Administration 2018-08-04 L200x5421 Ut8m GG5779 2018-08-04 2018-08-04 GG

Powered by Koha